| LEADER | 01177nam a22003132i 4500 | ||
|---|---|---|---|
| 001 | 001571878 | ||
| 003 | CZ BrMZK | ||
| 005 | 20170628151229.0 | ||
| 007 | ta | ||
| 008 | 170412s1973 xr er|||||||||||cze d | ||
| 040 | |a BOA001 |b cze |e rda | ||
| 072 | 7 | |a 343 |x Trestní právo |2 Konspekt |9 16 | |
| 080 | |a 343.296 |2 MRF | ||
| 080 | |a (094.58) |2 MRF | ||
| 080 | |a (0.072) |2 MRF | ||
| 245 | 0 | 0 | |a O odškodňování bolesti a ztížení společenského uplatnění : |b výklad vyhlášky a vyhláška č. 32 s bodovými sazbami pro ohodnocení bolestného u úrazů a ztížení společenského uplatnění |
| 264 | 1 | |a [Praha] : |b [Práce], |c 1973 | |
| 300 | |a 15, 23 stran | ||
| 336 | |a text |b txt |2 rdacontent | ||
| 337 | |a bez média |b n |2 rdamedia | ||
| 338 | |a svazek |b nc |2 rdacarrier | ||
| 650 | 0 | 7 | |a náhrada škody |7 ph123399 |2 czenas |
| 655 | 7 | |a vyhlášky |7 fd185965 |2 czenas | |
| 655 | 7 | |a komentáře |7 fd132578 |2 czenas | |
| 772 | 0 | 8 | |i Samostatná příloha seriálu: |t Bezpečnost a hygiena práce, |g 1973, číslo 2, 3 |
| 910 | |a BOA001 |b X-0733.846 | ||
| 990 | |a BK | ||
| 991 | |b 201704 | ||
| 996 | 6 | |b 2619196835 |c X-0733.846 |l MZK |r Sklad / do 24 hodin |n 0 |w 001607305 |u 000010 |a 1 |e BOA001 |j MZK50 |s P | |
English
Čeština 